Urban economic development ; suburbanization, minority opportunity, and the condition of the central city.

Bibliographic Details
Main Author: Harrison, Bennett
Format: Book
Language:English
Published: Washington : Urban Institute, [1974]
Subjects:

MARC

Tag First Indicator Second Indicator Subfields
LEADER 00000cam a2200000 4500
001 in00000455721
005 20151012095826.0
008 740814s1974 dcua b 00100 eng
010 |a  73086699  
020 |a 0877660980  |c $10.00 
035 |a (OCoLC)01007565 
035 |9 ABZ1321AM 
040 |a DLC  |c DLC  |d TXA  |d UtOrBLW 
043 |a n-us--- 
049 |a TXAM  |c [1339468] 
050 0 0 |a HT123  |b .H37 
082 0 |a 330.9/173/2 
100 1 |a Harrison, Bennett. 
245 1 0 |a Urban economic development ;  |b suburbanization, minority opportunity, and the condition of the central city. 
264 1 |a Washington :  |b Urban Institute,  |c [1974] 
300 |a xiv, 200 pages :  |b illustrations ;  |c 24 cm. 
336 |a text  |b txt  |2 rdacontent 
337 |a unmediated  |b n  |2 rdamedia 
338 |a volume  |b nc  |2 rdacarrier 
504 |a Bibliography: pages 196-198. 
650 0 |a Cities and towns  |z United States. 
650 0 |a Urban economics  |v Case studies. 
999 |a MARS 
999 f f |s 136d7aa0-bc05-3736-8a77-3333b25db174  |i d20ef628-8323-371a-ab6a-3a9033097a16  |t 0 
952 f f |p ric  |a Texas A&M University  |b Rellis Campus  |c Joint Library Facility  |d Remote Storage  |t 0  |e HT123 .H37  |h Library of Congress classification  |i unmediated -- volume  |m A14802988340 
998 f f |a HT123 .H37  |t 0  |l Remote Storage